|
|
|
|
| LEADER |
00000nam0a2200000 4500 |
| 001 |
106604 |
| 005 |
20231031114948.0 |
| 010 |
|
|
|a 5936303810
|
| 029 |
0 |
0 |
|a RU
|b 11-589-03
|c РД
|
| 035 |
|
|
|a (RuTPU)RU\TPU\book\115104
|
| 090 |
|
|
|a 106604
|
| 100 |
|
|
|a 20061211d2004 k y0rusy50 ca
|
| 101 |
0 |
|
|a rus
|
| 102 |
|
|
|a RU
|
| 105 |
|
|
|a y l 000zy
|
| 200 |
1 |
|
|a Положение о проведении экспертизы промышленной безопасности опасных металлургических и коксохимических производственных объектов
|e РД 11-589-03
|f Федеральный горный и промышленный надзор России ( Госгортехнадзор России )
|
| 210 |
|
|
|a СПб.
|c Деан
|d 2004
|
| 215 |
|
|
|a 15 с.
|
| 225 |
1 |
|
|a Безопасность труда России
|
| 229 |
|
|
|a Взамен РД 11-320-99
|a Утв. постановлением Госгортехнадзора России № 63 от 05.06.03
|
| 610 |
1 |
|
|a металлургия
|
| 610 |
1 |
|
|a металлургические объекты
|
| 610 |
1 |
|
|a коксохимическое производство
|
| 610 |
1 |
|
|a промышленная безопасность
|
| 610 |
1 |
|
|a экспертиза
|
| 610 |
1 |
|
|a положение
|
| 610 |
1 |
|
|a РД 11-589-03
|
| 675 |
|
|
|a 669.013:658.345(083)
|v 3
|
| 675 |
|
|
|a 662.741.013(083)
|v 3
|
| 712 |
0 |
1 |
|a Российская Федерация
|b Федеральный горный и промышленный надзор России (Госгортехнадзор России)
|c (1992-2004)
|2 stltpush
|3 (RuTPU)RU\TPU\col\7022
|
| 801 |
|
1 |
|a RU
|b 63413507
|c 20061211
|g PSBO
|
| 801 |
|
2 |
|a RU
|b 63413507
|c 20221206
|g PSBO
|
| 942 |
|
|
|c BK
|